000 00270nam a22001217a 4500
020 _aNA
082 _222
_a294.392
100 _aC. T. Dorji.
245 _aThe heart of wisdom /
260 _aDelhi,
_bProminent Publishers,
_cc2005.
300 _a0
_bill. ;
942 _2ddc
_cF
999 _c4172
_d4172